Planeamiento, conducción y evaluación en la enseñanza superior

Gorde:
Xehetasun bibliografikoak
Egile nagusia: Lafourcade, Pedro D (Egilea)
Formatua: Liburua
Hizkuntza:gaztelania
Argitaratua: Buenos Aires Kapelusz 1974
Saila:Biblioteca de cultura pedagógica
Gaiak:
Etiketak: Etiketa erantsi
Etiketarik gabe, Izan zaitez lehena erregistro honi etiketa jartzen!

MARC

LEADER 00000nam a2200000 a 4500
001 UCY9031
003 CL-VaPUC
008 950707e19740800AG |||||||||||||||||spa|d
082 0 4 |a 378.1  |b LAF  |2 21 
100 |a Lafourcade, Pedro D  |e author  |9 499104 
245 1 0 |a Planeamiento, conducción y evaluación en la enseñanza superior 
300 |a 285 p 
942 |c BK 
945 |d 19950707 00:00:00  |a cmena 
260 |a Buenos Aires  |b Kapelusz  |c 1974 
650 0 |a Planificación de la educación   |9 307333 
650 0 |a Educación superior   |9 223851 
650 0 |a Universidades  |9 256317 
650 0 |a Evaluación de la educación   |9 237505 
650 0 |a Gestión educacional   |9 261035 
650 0 |a Currículo  |9 307290 
650 0 |a Metodología   |9 256610 
650 0 |a Procesos de aprendizaje  |9 309161 
583 |a last modification  |c 19950707 00:00:00  |k Rodrigo Vera 
490 0 |a Biblioteca de cultura pedagógica 
999 |c 236205  |d 236203 
952 |0 0  |1 0  |4 0  |6 378_100000000000000_LAF_1974  |7 0  |8 P  |9 244144  |a BIBEDU  |b BIBEDU  |c BIBEDU_PB  |d 2019-11-18  |i 1531298  |o 378.1 LAF 1974  |p 1531298  |r 2024-01-25  |w 2019-11-18  |y BK  |k EDU 
952 |0 0  |1 0  |4 0  |6 378_100000000000000_LAF_1974  |7 0  |8 P  |9 244145  |a BIBEDU  |b BIBEDU  |c BIBEDU_PB  |d 2019-11-18  |i 1531301  |o 378.1 LAF 1974  |p 1531301  |r 2024-01-25  |w 2019-11-18  |y BK  |k EDU 
952 |0 0  |1 0  |4 0  |6 378_100000000000000_LAF_1974  |7 0  |8 P  |9 244146  |a BIBEDU  |b BIBEDU  |c BIBEDU_PB  |d 2019-11-18  |i 4224922  |o 378.1 LAF 1974  |p 4224922  |r 2024-01-25  |w 2019-11-18  |y BK  |k EDU